Biggest Fast Food Chains by Country - Statistics

General Stats
  • This quiz has been taken 72 times
  • The average score is 3 of 12
Answer Stats
Origin Country # of Locations Company % Correct
United States 40,275 McDonalds
100%
United States 37,000 Subway
70%
United States 36,170 Starbucks
67%
Canada 5,291 Tim Hortons
55%
United Kingdom 2,200 Greggs
17%
United Kingdom 4,000 Costa
13%
Canada 1,028 A&W
8%
Canada 630 Pizza Pizza
3%
United Kingdom 861 Wetherspoons
3%
China 2,500 Dicos
2%
China 1,850 Pala Hamburger
2%
China 4,000 Wallace
2%
No matching quizzes found
Score Distribution
Percent of People with Each Score
Percentile by Number Answered
Your Score History
You have not taken this quiz